Southville International School and Colleges
Your cart is empty.
  • Cart
  • Lists
    Public lists list_1 View all
    Your lists Log in to create your own lists
  • Log in to your account
  • Your cookies
  • Search history
Southville International School and Colleges
  • Advanced search
  • Recent comments
  • Most popular
  • Libraries

Log in to your account

Log in with GOOGLE


If you do not have an external account, but do have a local account, you can still log in:

  1. Home
  2. MARC view: Microsoft Publisher 2000 /
Normal view MARC view ISBD view

Microsoft Publisher 2000 / (Record no. 296134)

[ view plain ]
MARC details
000 -LEADER
fixed length control field 00626nam a2200241Ia 4500
008 - FIXED-LENGTH DATA ELEMENTS--GENERAL INFORMATION
fixed length control field 160621s9999 xx 000 0 und d
020 ## - INTERNATIONAL STANDARD BOOK NUMBER
International Standard Book Number 978-214-208-8
050 ## - LIBRARY OF CONGRESS CALL NUMBER
Classification number ComSc Z 253.532
050 ## - LIBRARY OF CONGRESS CALL NUMBER
Item number .M53M37 1999
100 ## - MAIN ENTRY--PERSONAL NAME
Personal name Marchesseault, Paul.
245 ## - TITLE STATEMENT
Title Microsoft Publisher 2000 /
245 ## - TITLE STATEMENT
Statement of responsibility, etc Paul Marchesseault.
260 ## - PUBLICATION, DISTRIBUTION, ETC. (IMPRINT)
Place of publication, distribution, etc Singapore :
260 ## - PUBLICATION, DISTRIBUTION, ETC. (IMPRINT)
Name of publisher, distributor, etc Tech Publications Pte Ltd.,
260 ## - PUBLICATION, DISTRIBUTION, ETC. (IMPRINT)
Date of publication, distribution, etc 1999
300 ## - PHYSICAL DESCRIPTION
Extent 407 pages :
300 ## - PHYSICAL DESCRIPTION
Other physical details illustrations ;
300 ## - PHYSICAL DESCRIPTION
Dimensions 23 cm.
440 ## - SERIES STATEMENT/ADDED ENTRY--TITLE
Title Fast & easy
500 ## - GENERAL NOTE
General note Includes index.
650 ## - SUBJECT ADDED ENTRY--TOPICAL TERM
Topical term or geographic name as entry element Microsoft Publisher.
650 ## - SUBJECT ADDED ENTRY--TOPICAL TERM
General subdivision Desktop publishing.
Holdings
Withdrawn status Lost status Damaged status Home library Current library Shelving location Date acquired Total Checkouts Full call number Barcode Date last seen Price effective from Koha item type
      South Mansfield College South Mansfield College   03/07/2005   ComSc Z 253.532 .M53M37 1999 SMC01844 06/21/2016 06/21/2016  

Microsoft Publisher 2000 /

APA

Marchesseault P., .Microsoft Publisher 2000. Singapore: .

Chicago

Marchesseault Paul, .Microsoft Publisher 2000. Singapore: .

Harvard

Marchesseault P., .Microsoft Publisher 2000. Singapore: .

MLA

Marchesseault Paul, .Singapore: . .

  • Place hold
  • Print
  • Cite
  • Add to your cart (remove)
  • Save record
    BIBTEX Dublin Core MARCXML MARC (non-Unicode/MARC-8) MARC (Unicode/UTF-8) MARC (Unicode/UTF-8, Standard) MODS (XML) RIS
  • More searches
    Search for this title in:
    Other Libraries (WorldCat) Other Databases (Google Scholar) Online Stores (Bookfinder.com) Open Library (openlibrary.org)

Exporting to Dublin Core...

SOUTHVILLE LIBRARY

Southville International School and Colleges Library

1281 Tropical Ave. Cor. Luxembourg St., BF Homes International, Las Pinas City

Tel. No. 8256374 / 252358 Loc. 117/146

Powered by Koha